[Event "EU-ch U20"]
[Site "Baku"]
[Date "2002.07.??"]
[Round "11"]
[White "Gashimov, Sarkhan"]
[Black "Aroshidze, Levan"]
[Result "1-0"]
[WhiteElo "2262"]
[BlackElo "2345"]
[PlyCount "121"]
[EventDate "2002.07.14"]
[EventType "swiss"]
[EventRounds "11"]
[EventCountry "AZE"]
[SourceTitle "CBM 089 Extra"]
[Source "ChessBase"]
[SourceDate "2002.09.10"]
[SourceVersion "2"]
[SourceVersionDate "2002.09.10"]
[SourceQuality "1"]

1. Nf3 c5 2. b3 d6 3. c4 e5 4. Nc3 f5 5. d3 Nf6 6. g3 g6 7. Bg5 h6 8. Bxf6 Qxf6 9. Nd5 Qf7 10. Bg2 Bg7 11. 0-0 0-0 12. Nd2 Nc6 13. Rb1 Be6 14. b4 Qd7 15. Qa4 Kh7 16. bxc5 dxc5 17. Qb5 Nd4 18. Qxb7 Nxe2+ 19. Kh1 Qxb7 20. Rxb7 Bxd5 21. cxd5 Rfd8 22. Nc4 Nc3 23. d6 e4 24. Re1 Rab8 25. Rxb8 Rxb8 26. dxe4 fxe4 27. Bxe4 Nxa2 28. d7 Nb4 29. Bxg6+ Kxg6 30. Re8 Nc6 31. Rxb8 Bf6 32. Rc8 Nd8 33. Rxc5 Kf7 34. Ra5 Bd4 35. f4 Ke7 36. Ra6 Bc5 37. Ne5 Bb6 38. Kg2 Nb7 39. Nc6+ Kxd7 40. Nxa7 Kc7 41. Nb5+ Kc6 42. Nd4+ Kc5 43. Nf5 h5 44. h4 Nd8 45. Ng7 Kb5 46. Rxb6+ Kxb6 47. Nxh5 Kc6 48. g4 Kd6 49. Kf3 Ke6 50. Ke4 Nb7 51. f5+ Kd6 52. Kf4 Nc5 53. Kg5 Ke7 54. Kg6 Nd3 55. f6+ Kf8 56. g5 Ne5+ 57. Kf5 Nf3 58. Nf4 Nd4+ 59. Kg6 Kg8 60. f7+ Kf8 61. Kf6 1-0

[Event "AZE-RUS U18 m"]
[Site "Baku"]
[Date "2002.??.??"]
[Round "?"]
[White "Kremenietsky, Alexandr A"]
[Black "Gashimov, Sarkhan"]
[Result "1-0"]
[WhiteElo "2251"]
[BlackElo "2261"]
[PlyCount "120"]
[EventDate "2002.04.??"]
[EventType "match"]
[EventRounds "1"]
[EventCountry "AZE"]
[SourceTitle "EXT 2003"]
[Source "ChessBase"]
[SourceDate "2002.11.25"]
[SourceVersion "1"]
[SourceVersionDate "2002.11.25"]
[SourceQuality "1"]

1. d4 Nf6 2. c4 e6 3. Nf3 b6 4. g3 Ba6 5. Nbd2 Bb7 6. Bg2 c5 7. dxc5 Bxc5 8. 0-0 0-0 9. Qc2 Be7 10. b3 Na6 11. Bb2 Nc5 12. Ng5 h6 13. Bxb7 Nxb7 14. Bxf6 hxg5 15. Bxe7 Qxe7 16. Qe4 d5 17. cxd5 Rad8 18. d6 Nxd6 19. Qb4 Qb7 20. Qg4 Qe7 21. Nf3 f6 22. h4 gxh4 23. Nxh4 f5 24. Qh5 Qf6 25. Ng6 Rfe8 26. Rac1 Nf7 27. Rc7 e5 28. Rfc1 Re6 29. Rxf7 Qxg6 30. Qxg6 Rxg6 31. Rxf5 Re6 32. Rc7 Rd2 33. Rff7 Rg6 34. Rxa7 Rxe2 35. Kf1 Rb2 36. Rfe7 Rg5 37. Kg1 Kh8 38. Rf7 Kg8 39. Kg2 Rc2 40. Kf3 Rg6 41. Ke3 Kh7 42. Rf5 Rc5 43. Re7 Rc2 44. Rfxe5 Rxa2 45. R7e6 Rxe6 46. Rxe6 Ra6 47. b4 Kg8 48. b5 Ra3+ 49. Ke4 Ra4+ 50. Kf3 Ra3+ 51. Kg4 Rb3 52. Rxb6 Kf7 53. Rb7+ Kf6 54. f4 Kg6 55. Rb8 Kf6 56. b6 Kg6 57. Kh4 Rb4 58. b7 Rb3 59. g4 Rb4 60. f5+ Kf7 1-0

[Event "Wch U18"]
[Site "Oropesa del Mar"]
[Date "2001.10.28"]
[Round "7"]
[White "Paragua, Mark"]
[Black "Gashimov, Sarkhan"]
[Result "1-0"]
[WhiteElo "2447"]
[BlackElo "2238"]
[PlyCount "80"]
[EventDate "2001.10.21"]
[EventType "swiss"]
[EventRounds "11"]
[EventCountry "ESP"]
[SourceTitle "EXT 2002"]
[Source "ChessBase"]
[SourceDate "2001.11.25"]
[SourceVersion "1"]
[SourceVersionDate "2001.11.25"]
[SourceQuality "1"]

1. Nf3 Nf6 2. g3 d5 3. Bg2 c6 4. 0-0 Bg4 5. b3 Nbd7 6. Bb2 Qc7 7. c4 e5 8. cxd5 cxd5 9. d4 e4 10. Ne5 Be6 11. f4 Nxe5 12. fxe5 Ng4 13. Qd2 g6 14. e3 h5 15. h3 Nh6 16. Nc3 Qd7 17. a3 Nf5 18. Qf2 0-0-0 19. a4 Kb8 20. a5 Be7 21. Ba3 Bxa3 22. Rxa3 Qe7 23. b4 Qg5 24. Na4 Qxg3 25. Nc5 Qxf2+ 26. Rxf2 g5 27. b5 g4 28. b6 a6 29. Bf1 gxh3 30. Bxa6 Rhg8+ 31. Kh1 Bc8 32. Bxb7 Ng3+ 33. Kh2 Bxb7 34. Rxf7 Nf1+ 35. Rxf1 Rg2+ 36. Kh1 Rdg8 37. a6 Bc6 38. a7+ Ka8 39. Ne6 Kb7 40. Rb1 h2 1-0

[Event "Wch U18"]
[Site "Oropesa del Mar"]
[Date "2001.10.26"]
[Round "6"]
[White "Gashimov, Sarkhan"]
[Black "Bachin, Vitaly"]
[Result "1-0"]
[WhiteElo "2238"]
[BlackElo "2442"]
[PlyCount "109"]
[EventDate "2001.10.21"]
[EventType "swiss"]
[EventRounds "11"]
[EventCountry "ESP"]
[SourceTitle "EXT 2002"]
[Source "ChessBase"]
[SourceDate "2001.11.25"]
[SourceVersion "1"]
[SourceVersionDate "2001.11.25"]
[SourceQuality "1"]

1. c4 d6 2. Nc3 e5 3. b3 c5 4. e3 Nc6 5. Nge2 Bf5 6. Nd5 Nf6 7. Ng3 Be6 8. e4 g6 9. Bb2 Bg7 10. Bd3 h5 11. Nf1 Nd4 12. Nfe3 Nxd5 13. cxd5 Bd7 14. Bxd4 cxd4 15. Nc4 Qe7 16. 0-0 g5 17. Qc1 Qf6 18. Qa3 Ke7 19. Na5 h4 20. f3 b6 21. Nc6+ Bxc6 22. dxc6 a5 23. Rac1 Rhc8 24. b4 Kf8 25. bxa5 bxa5 26. Bc4 Kg8 27. Bd5 Rc7 28. Rb1 Rac8 29. Rb7 Rxc6 30. Rxf7 Qxf7 31. Bxf7+ Kxf7 32. Qxa5 Rc5 33. Qb4 Bf6 34. Qb3+ Kg7 35. Qe6 Bd8 36. Rb1 Ba5 37. Rb7+ R8c7 38. Rxc7+ Bxc7 39. Qf5 d3 40. Qxg5+ Kf7 41. Kf2 Bb6 42. Qh5+ Kf8 43. Qxh4 Rc7+ 44. Kg3 Rg7+ 45. Kh3 Kg8 46. Qf6 Bc5 47. Qd8+ Kh7 48. a4 Rb7 49. a5 Rb2 50. a6 Rxd2 51. a7 Bxa7 52. Qe7+ Kg6 53. Qxd6+ Kg5 54. Qxe5+ Kg6 55. Qf5+ 1-0